Palau de la Música Catalana : grande festa d'arte galego ... grande festa d'arte galego ...
Descripción Física:
1 díptic ; 22 cm
MARC
| LEADER | 00000nam a2200000Ia 4500 | ||
|---|---|---|---|
| 001 | 16436 | ||
| 008 | 160829s1934] xx 000 0 cat d | ||
| 080 | |a RF-14-74 | ||
| 245 | |a Palau de la Música Catalana : |b grande festa d'arte galego ... | ||
| 260 | |a [Barcelona : |b Publicaciones rápidas Valls, |c 1934] | ||
| 300 | |a 1 díptic ; |c 22 cm | ||
| 590 | |a Prové de 4033, exp. 178. | ||
| 590 | |a Hi ha un duplicat a la mateixa capsa | ||
| 650 | |a Galícia |x Folklore |9 48570 | ||
| 650 | |a Festivals folklòrics |x Barcelona |9 48211 | ||
| 856 | 4 | |u https://media.diba.cat/diba/fitxers/arxiu/fulletons/bib_16436_1934_baixa.pdf |y Accés lliure | |
| 856 | 4 | |u https://media.diba.cat/diba/fitxers/arxiu/fulletons/bib_16436_1934_baixa.pdf |y Accés lliure | |
| 901 | |a Arxiu | ||
| 942 | |n 1 |2 udc | ||
| 952 | |0 0 |1 0 |4 0 |6 RF1474 |7 1 |9 54660 |a Arxiu |b Arxiu |d 2016-12-01 |l 0 |o RF-14-74 |p 16436 |r 2016-12-01 00:00:00 |w 2016-12-01 |y ARXIU | ||
| 999 | |c 58529 |d 58529 | ||
| 900 | |a bib_16436_1934_baixa.pdf | ||